Greenland : Pakke Porto stamps 1905-1938 (Record no. 1938)

000 -LEADER
fixed length control field 00505nam a22000977a 4500
008 - FIXED-LENGTH DATA ELEMENTS--GENERAL INFORMATION
fixed length control field 160425b xxu||||| |||| 00| 0 eng d
100 ## - MAIN ENTRY--AUTHOR'S NAME
Author's Name Wowern, Eric
245 ## - TITLE STATEMENT
Title Greenland : Pakke Porto stamps 1905-1938
260 ## - PUBLICATION, DISTRIBUTION, ETC. (IMPRINT)
Place of publication, distribution, etc. Virum, Denmark
Name of publisher, distributor, etc. GF Frimaerker
Date of publication, distribution, etc. 1975
650 ## - TOPICAL TERM (Tag)
Topical term or geographic name Greenland | 1905-1938 | Parcel Post | 20th Century | Errors and Varieties | Catalogs and Price Lists | Production | Postal Markings | Postal History | Transportation of Mail | Polar Mail | Air Mail | Flights | Covers | Danish Colonies | Denmark
Holdings
Withdrawn status Lost status Source of classification or shelving scheme Damaged status Koha normalized classification for sorting Not for loan Permanent Location Current Location Date acquired Total Checkouts Full call number Barcode Date last seen Price effective from
        G3381 P225 W938   Northern Philatelic Library Northern Philatelic Library 04/25/2016   G3381 P225 W938 1002249 04/25/2016 04/25/2016

Powered by Koha